000 00640nam a22001817a 4500
999 _c370802
_d370802
008 201130b ||||| |||| 00| 0 eng d
040 _bger
_cDE-2950
_erda
_aDE-2950
041 _ager
245 _aHerzlichen Glückwunsch zur Jugendweihe: Karl-Liebknecht-Gymnasium, Oberschule Ullrich von Hutten, Gauß-Gymnasium
264 _c2021
653 _aFrankfurt (Oder)
653 _aJugendweihe
773 _dFrankfurt (Oder): Märkisches Verlags- und Druckhaus GmbH & Co KG
_g32. Jahrgang (2021) Nr. 215 vom 15.09.2021, S. 17
_tMärkische Oderzeitung
942 _cA